[Event "2. Wittelsbacher Weihnachts-Schach-Open"]
[Site "Kelheim"]
[Date "2013.12.28"]
[Round "3.4"]
[White "Maier, Alexander"]
[Black "Goderbauer, Josef"]
[Result "1-0"]
[WhiteElo "2297"]
[BlackElo "1703"]
[PlyCount "27"]
[EventDate "2013.??.??"]
[WhiteTeam "SK Ingolstadt"]
[BlackTeam "SC Moosburg 1956 e.V."]

1. e4 g6 2. d4 Bg7 3. c4 d6 4. Nc3 Nd7 5. f4 e6 6. Nf3 Ne7 7. Bd3 c5 8. d5 e5
9. Nb5 Qb6 10. a4 a6 11. a5 Qd8 12. Nxd6+ Kf8 13. Ng5 f6 14. Ne6+ 1-0

[Event "2. Wittelsbacher Weihnachts-Schach-Open"]
[Site "Kelheim"]
[Date "2013.12.28"]
[Round "3.5"]
[White "Braun, Kristin"]
[Black "Gießmann, Stephan"]
[Result "0-1"]
[WhiteElo "1780"]
[BlackElo "2259"]
[PlyCount "62"]
[EventDate "2013.??.??"]
[WhiteTeam "SC Forchheim e.V."]
[BlackTeam "SK Kelheim 1920"]

1. Nf3 d5 2. g3 Nf6 3. Bg2 c6 4. d3 Bg4 5. O-O e6 6. e3 Nbd7 7. Nc3 Bd6 8. e4
O-O 9. Bd2 Re8 10. Re1 dxe4 11. dxe4 e5 12. Bg5 Bb4 13. Qd3 h6 14. Bxf6 Qxf6
15. a3 Ba5 16. Rad1 Rad8 17. Re3 Nc5 18. Qe2 Ne6 19. Rxd8 Rxd8 20. Qf1 Bb6 21.
Rd3 Rxd3 22. Qxd3 Ng5 23. Na4 Nxf3+ 24. Bxf3 Qxf3 25. Qxf3 Bxf3 26. Nxb6 axb6
27. Kf1 Bxe4 28. c3 Bd3+ 29. Ke1 f5 30. Kd2 Bc4 31. Ke3 Kf7 0-1

[Event "2. Wittelsbacher Weihnachts-Schach-Open"]
[Site "Kelheim"]
[Date "2013.12.28"]
[Round "3.6"]
[White "Spieß, Martin"]
[Black "Schindler, Tobias"]
[Result "1-0"]
[WhiteElo "2147"]
[BlackElo "1594"]
[PlyCount "35"]
[EventDate "2013.??.??"]
[WhiteTeam "SK Ingolstadt"]
[BlackTeam "SK Kelheim 1920"]

1. e4 c6 2. d4 d5 3. e5 Bf5 4. c4 e6 5. Nc3 Nd7 6. a3 Ne7 7. c5 b6 8. b4 a5 9.
Be3 axb4 10. axb4 Rxa1 11. Qxa1 bxc5 12. bxc5 Nxc5 13. dxc5 d4 14. Nb5 Nd5 15.
Nxd4 Nb4 16. Ngf3 Bxc5 17. Bc4 O-O 18. O-O 1-0

[Event "2. Wittelsbacher Weihnachts-Schach-Open"]
[Site "Kelheim"]
[Date "2013.12.28"]
[Round "3.8"]
[White "Zankl, Stephan"]
[Black "Dietl, Harald"]
[Result "1-0"]
[WhiteElo "1526"]
[BlackElo "1798"]
[PlyCount "47"]
[EventDate "2013.??.??"]
[WhiteTeam "TSV Nittenau"]
[BlackTeam "SK Abensberg"]

1. d4 f5 2. e3 Nf6 3. b3 e6 4. Bd3 b6 5. c4 Bb7 6. Nf3 Be7 7. Bb2 O-O 8. Nbd2
Nc6 9. a3 Qe8 10. Qc2 a5 11. O-O-O Na7 12. h3 c6 13. g4 g6 14. gxf5 exf5 15.
Rdg1 Kh8 16. d5 cxd5 17. h4 dxc4 18. bxc4 h5 19. Rh3 Kh7 20. Bxf5 Ng4 21. Bxg4
hxg4 22. Rxg4 Bf6 23. h5 Bxb2+ 24. Qxb2 1-0

[Event "2. Wittelsbacher Weihnachts-Schach-Open"]
[Site "Kelheim"]
[Date "2013.12.28"]
[Round "3.10"]
[White "Aigner, Georg"]
[Black "Eibl, Maximilian"]
[Result "0-1"]
[WhiteElo "1896"]
[BlackElo "2168"]
[PlyCount "120"]
[EventDate "2013.??.??"]
[WhiteTeam "TSV Dietfurt/Altm. e.V."]
[BlackTeam "SK Kelheim 1920"]

1. e4 c5 2. Nf3 d6 3. d4 cxd4 4. Nxd4 Nf6 5. Nc3 a6 6. Nb3 e6 7. Be3 b5 8. a3
Bb7 9. Bd3 Nbd7 10. f4 Be7 11. O-O O-O 12. Qe2 Rc8 13. Rad1 Qc7 14. Bf2 e5 15.
Bg3 Nb6 16. Nd2 Nfd7 17. Nf3 Bf6 18. Ng5 g6 19. h4 exf4 20. Bxf4 Be5 21. Bxe5
Nxe5 22. Nf3 Nec4 23. Rb1 Nxa3 24. bxa3 Qxc3 25. Rb3 Qc5+ 26. Qf2 Qxf2+ 27.
Kxf2 Rfe8 28. Nd2 d5 29. Rb4 Nc4 30. Bxc4 dxc4 31. Re1 Bc6 32. Re3 Rc7 33. a4
Rce7 34. axb5 axb5 35. Rb1 f5 36. Ra3 Bxe4 37. Nxe4 Rxe4 38. Rxb5 Re2+ 39. Kf3
R8e7 40. Rc3 R2e4 41. Rc5 Rxh4 42. R3xc4 Rh1 43. Rc8+ Kf7 44. R8c7 Rxc7 45.
Rxc7+ Kf6 46. Rd7 h5 47. Rd2 g5 48. Ke3 h4 49. c4 g4 50. c5 h3 51. gxh3 Rxh3+
52. Kd4 g3 53. c6 Rh2 54. Rxh2 gxh2 55. c7 h1=Q 56. c8=Q Qe4+ 57. Kc3 Kg5 58.
Qg8+ Kf4 59. Qg6 Qe3+ 60. Kc2 Qe2+ 0-1

[Event "2. Wittelsbacher Weihnachts-Schach-Open"]
[Site "Kelheim"]
[Date "2013.12.28"]
[Round "3.11"]
[White "Stutz, Robert"]
[Black "Kammer, Christoph"]
[Result "0-1"]
[WhiteElo "1859"]
[BlackElo "2004"]
[PlyCount "88"]
[EventDate "2013.??.??"]
[WhiteTeam "TSV Grossmehring"]
[BlackTeam "TSV Nittenau"]

1. e4 e6 2. Qe2 b6 3. g3 Bb7 4. Bg2 g6 5. Nc3 Nc6 6. Nf3 Bg7 7. d3 Nge7 8. O-O
O-O 9. e5 h6 10. h4 Nf5 11. Bf4 d6 12. Rfe1 dxe5 13. Nxe5 Ncd4 14. Qd2 Bxg2 15.
Kxg2 Qc8 16. Ne4 c5 17. c3 Nc6 18. Nf3 e5 19. Be3 Qb7 20. Kh2 Rad8 21. Qc2 Rd7
22. Red1 Nxe3 23. fxe3 Ne7 24. Qg2 Nf5 25. Qe2 c4 26. Ne1 Rfd8 27. Nf2 cxd3 28.
Nexd3 e4 29. Ne1 Be5 30. Nh1 Nxh4 31. Nc2 Nf3+ 32. Kg2 Rd2 33. Rxd2 Rxd2 34.
Qxd2 Nxd2 35. Rd1 Nf3 36. Nf2 Ng5 37. Nb4 Qc8 38. Nd5 Kg7 39. g4 Qc4 40. Rd2
Nf3 41. b3 Ne1+ 42. Kg1 Qc6 43. Rd1 Nd3 44. c4 Qe6 0-1

[Event "2. Wittelsbacher Weihnachts-Schach-Open"]
[Site "Kelheim"]
[Date "2013.12.28"]
[Round "3.12"]
[White "Nussbaumer, Johann"]
[Black "Miethaner, Ulrich"]
[Result "1-0"]
[WhiteElo "2014"]
[BlackElo "1949"]
[PlyCount "51"]
[EventDate "2013.??.??"]
[WhiteTeam "ASK St. Valentin"]
[BlackTeam "SC Bavaria Regensb.1881"]

1. d4 d5 2. c4 e5 3. dxe5 d4 4. Nf3 Nc6 5. a3 Nge7 6. Nbd2 Ng6 7. Nb3 Ngxe5 8.
Nxe5 Nxe5 9. Qxd4 Qxd4 10. Nxd4 Nxc4 11. Nb5 Kd7 12. Bf4 Bd6 13. O-O-O Kc6 14.
Nd4+ Kb6 15. e3 Ne5 16. Be2 f6 17. Nb5 Be7 18. Nc3 c6 19. Rd4 Be6 20. Rhd1 Bb3
21. R1d2 Rad8 22. Bxe5 fxe5 23. Rd7 Bf6 24. Ne4 Be6 25. Nxf6 Bxd7 26. Nxd7+ 1-0

[Event "2. Wittelsbacher Weihnachts-Schach-Open"]
[Site "Kelheim"]
[Date "2013.12.28"]
[Round "3.13"]
[White "Klimpel, Siegfried"]
[Black "Maurer, Heinrich"]
[Result "0-1"]
[WhiteElo "1888"]
[BlackElo "2115"]
[PlyCount "92"]
[EventDate "2013.??.??"]
[WhiteTeam "TSV Kareth-Lappersdorf"]
[BlackTeam "SK Kelheim 1920"]

1. e4 c5 2. Nc3 Nc6 3. Bb5 d6 4. f4 Bd7 5. Bc4 a6 6. d3 Nf6 7. Nf3 g6 8. O-O
Bg7 9. Qe1 O-O 10. Qh4 b5 11. Bb3 c4 12. dxc4 b4 13. Nd5 Nxe4 14. Re1 Nf6 15.
Kh1 e6 16. Nxf6+ Qxf6 17. Qxf6 Bxf6 18. Ba4 Rfd8 19. Rb1 Nd4 20. Bxd7 Nxf3 21.
gxf3 Rxd7 22. Bd2 Rc8 23. f5 exf5 24. Bh6 Bg7 25. Bf4 h6 26. b3 g5 27. Bg3 Bd4
28. Kg2 f4 29. Bf2 Bxf2 30. Kxf2 Kf8 31. Rbd1 Rc6 32. Rd5 Re7 33. Re4 Re6 34.
Ke2 Ke7 35. Kd3 Rc5 36. c3 a5 37. cxb4 axb4 38. Kd4 Rxe4+ 39. Kxe4 Rxd5 40.
cxd5 Kf6 41. h3 h5 42. Kd4 Kf5 43. a4 bxa3 44. Kc3 a2 45. Kb2 a1=Q+ 46. Kxa1 g4
0-1

[Event "2. Wittelsbacher Weihnachts-Schach-Open"]
[Site "Kelheim"]
[Date "2013.12.28"]
[Round "3.14"]
[White "Simons, Peter"]
[Black "Hessler, Markus"]
[Result "1-0"]
[WhiteElo "1985"]
[BlackElo "1714"]
[PlyCount "63"]
[EventDate "2013.??.??"]
[WhiteTeam "Verein Rheinbacher Schachfreunde"]
[BlackTeam "Schachfreunde Roding"]

1. d4 Nf6 2. c4 g6 3. Nc3 Bg7 4. e4 d6 5. Be2 O-O 6. Bg5 Na6 7. f4 c5 8. d5 Nc7
9. Nf3 a6 10. Nd2 Rb8 11. a4 b6 12. O-O Bd7 13. Qc2 b5 14. b3 Ng4 15. Bxg4 Bxg4
16. Rae1 Bd7 17. h3 Na8 18. e5 Bf5 19. Qc1 Re8 20. axb5 axb5 21. Nxb5 Rxb5 22.
cxb5 Bd3 23. Rf3 Bxb5 24. Ne4 Qb6 25. exd6 f5 26. Nc3 exd6 27. Nxb5 Qxb5 28.
Kh2 Nc7 29. Rfe3 Re4 30. Rxe4 fxe4 31. Qc4 Qd7 32. Qxe4 1-0

[Event "2. Wittelsbacher Weihnachts-Schach-Open"]
[Site "Kelheim"]
[Date "2013.12.28"]
[Round "3.15"]
[White "Zinner, Bernhard"]
[Black "Watzenberger, Stefan"]
[Result "0-1"]
[WhiteElo "1656"]
[BlackElo "2044"]
[PlyCount "60"]
[EventDate "2013.??.??"]
[WhiteTeam "TV 1862 Geiselhöring"]
[BlackTeam "SC Sendling e.V."]

1. d4 d5 2. c4 c6 3. Nc3 Nf6 4. Nf3 dxc4 5. a4 Bf5 6. e3 e6 7. Bxc4 Bb4 8. O-O
O-O 9. Qb3 Qe7 10. Ne5 c5 11. Rd1 Nc6 12. Nd3 Na5 13. Qa2 cxd4 14. exd4 Rac8
15. Ne5 Ng4 16. Be2 Nxe5 17. dxe5 Bc2 18. Rd2 Bb3 19. Qb1 Bc4 20. Bxc4 Rxc4 21.
Qd3 Rfc8 22. Rc2 Nb3 23. Rb1 Nd4 24. Rd2 Qc5 25. Rd1 Bxc3 26. bxc3 Rxc3 27. Ba3
Rxd3 28. Bxc5 Rxd1+ 29. Rxd1 Rxc5 30. f4 Rc1 0-1

[Event "2. Wittelsbacher Weihnachts-Schach-Open"]
[Site "Kelheim"]
[Date "2013.12.28"]
[Round "3.16"]
[White "Kellner, Christian"]
[Black "Zeindlmeier, Thomas"]
[Result "0-1"]
[WhiteElo "1623"]
[BlackElo "2033"]
[PlyCount "58"]
[EventDate "2013.??.??"]
[WhiteTeam "SK Kelheim 1920"]
[BlackTeam "SK Ingolstadt"]

1. c4 c6 2. Nf3 d5 3. cxd5 cxd5 4. e3 Nf6 5. Nc3 Nc6 6. d4 Bg4 7. Be2 e6 8. O-O
Bd6 9. Ng5 Bxe2 10. Qxe2 h6 11. Nf3 Rc8 12. b3 O-O 13. Nb5 Bb8 14. Ba3 Re8 15.
Qb2 Ne4 16. Rac1 Qa5 17. Nc3 Nxc3 18. Rxc3 Nxd4 19. Rxc8 Nxf3+ 20. gxf3 Rxc8
21. Kh1 Qc7 22. f4 Qc3 23. Qe2 Qc2 24. Qg4 Qe4+ 25. f3 Qxe3 26. Bb2 g6 27. Qh4
Qxf4 28. Qf2 Qxh2+ 29. Qxh2 Bxh2 0-1

[Event "2. Wittelsbacher Weihnachts-Schach-Open"]
[Site "Kelheim"]
[Date "2013.12.28"]
[Round "3.17"]
[White "Blodig, Constantin"]
[Black "Fröhlich, Manuel"]
[Result "1/2-1/2"]
[WhiteElo "1932"]
[BlackElo "1727"]
[PlyCount "25"]
[EventDate "2013.??.??"]
[WhiteTeam "SK Kelheim 1920"]
[BlackTeam "TSV Oberviechtach"]

1. e4 c5 2. Nc3 Nc6 3. g3 d6 4. Bg2 g6 5. d3 Bg7 6. f4 e6 7. Nf3 Nge7 8. O-O a6
9. Be3 Qa5 10. Qd2 O-O 11. Nd1 Qxd2 12. Nxd2 Nb4 13. c3 1/2-1/2

[Event "2. Wittelsbacher Weihnachts-Schach-Open"]
[Site "Kelheim"]
[Date "2013.12.28"]
[Round "3.18"]
[White "Helf, Stefan"]
[Black "Seidenschwarz, Holger"]
[Result "0-1"]
[WhiteElo "1598"]
[BlackElo "1982"]
[PlyCount "112"]
[EventDate "2013.??.??"]
[WhiteTeam "SK Abensberg"]
[BlackTeam "SC 1947 Beilngries"]

1. e4 e5 2. Nf3 Nc6 3. Bc4 Bc5 4. c3 Nf6 5. d4 exd4 6. cxd4 Bb4+ 7. Bd2 Bxd2+
8. Nbxd2 d5 9. exd5 Nxd5 10. Qb3 Na5 11. Qa4+ Nc6 12. Qb3 Nce7 13. O-O O-O 14.
Ne5 c6 15. Ndf3 f6 16. Nd3 Kh8 17. Bxd5 Nxd5 18. Rfe1 Qb6 19. Qxb6 axb6 20. a3
Bf5 21. Nb4 Nxb4 22. axb4 Kg8 23. h3 Kf7 24. g4 Be6 25. Kg2 Rfd8 26. Kg3 Bd5
27. Nd2 b5 28. Ra3 Ra4 29. Rxa4 bxa4 30. Rc1 b5 31. Re1 h5 32. Ne4 hxg4 33.
hxg4 Bb3 34. Nc5 Rxd4 35. Nxb3 axb3 36. Re3 Rxb4 37. Rc3 Ke7 38. Rxc6 Rc4 39.
Rb6 Rc2 40. Rxb5 Rxb2 41. Rb7+ Kd6 42. Rxg7 Rc2 43. Rb7 b2 44. Kf3 Kc5 45. Ke3
Kc4 46. Rc7+ Kb3 47. Rb7+ Ka2 48. Ra7+ Kb1 49. Rh7 Rc3+ 50. Kd2 Rf3 51. Ra7
Rxf2+ 52. Kd1 Rf4 53. Ra6 Rxg4 54. Rxf6 Rd4+ 55. Ke2 Kc2 56. Ke3 Rd3+ 0-1

[Event "2. Wittelsbacher Weihnachts-Schach-Open"]
[Site "Kelheim"]
[Date "2013.12.28"]
[Round "3.19"]
[White "Schwenck, Mathias"]
[Black "Karl, Thomas"]
[Result "1-0"]
[WhiteElo "1920"]
[BlackElo "1495"]
[PlyCount "71"]
[EventDate "2013.??.??"]
[WhiteTeam "SC Moosburg 1956 e.V."]
[BlackTeam "SK Kelheim 1920"]

1. d4 d5 2. c4 c6 3. Nf3 Nf6 4. Nc3 e6 5. Bg5 Be7 6. e3 Nbd7 7. Bd3 dxc4 8.
Bxc4 b5 9. Bd3 a6 10. O-O Bb7 11. Qe2 c5 12. Rac1 Rc8 13. e4 c4 14. Bb1 h6 15.
Bh4 Nb6 16. a3 Qd7 17. Rcd1 O-O 18. Bg3 a5 19. Qc2 g6 20. e5 Nh5 21. Ne4 Nxg3
22. fxg3 Bxe4 23. Qxe4 Qd5 24. Qe3 Kg7 25. h4 b4 26. axb4 axb4 27. Nh2 Qd8 28.
Ng4 Rh8 29. Qf3 Rf8 30. Qf4 g5 31. Qe4 Rh8 32. Rxf7+ Kxf7 33. Qg6+ Kf8 34. Rf1+
Bf6 35. Rxf6+ Ke7 36. Qf7# 1-0

[Event "2. Wittelsbacher Weihnachts-Schach-Open"]
[Site "Kelheim"]
[Date "2013.12.28"]
[Round "3.20"]
[White "Glück, Ulrich"]
[Black "Weigert, Wilhelm"]
[Result "1/2-1/2"]
[WhiteElo "1723"]
[BlackElo "2021"]
[PlyCount "171"]
[EventDate "2013.??.??"]
[WhiteTeam "MSA Zugzwang 82 e.V."]
[BlackTeam "SK Kelheim 1920"]

1. d4 c5 2. d5 Nf6 3. c4 b5 4. cxb5 a6 5. Nc3 axb5 6. Nxb5 Qa5+ 7. Nc3 Bb7 8.
Bd2 Qb6 9. e4 d6 10. Bb5+ Nbd7 11. Nge2 Ba6 12. Bxa6 Rxa6 13. Qc2 g6 14. O-O
Bg7 15. a4 O-O 16. Nb5 e6 17. Nec3 exd5 18. Nxd5 Nxd5 19. exd5 Qb7 20. Bc3 Nf6
21. Rfe1 Rfa8 22. b3 Rd8 23. Rad1 Rd7 24. Qb2 Nh5 25. Re8+ Bf8 26. Qd2 Ra8 27.
Rde1 Rxe8 28. Rxe8 Ng7 29. Bxg7 Kxg7 30. Qc3+ Kg8 31. Qf6 Qxd5 32. Qc3 Qf5 33.
g3 h5 34. Qe3 Qf6 35. Qh6 Qg7 36. Qxg7+ Kxg7 37. a5 Rb7 38. a6 Rxb5 39. a7 Ra5
40. a8=Q Rxa8 41. Rxa8 Be7 42. f3 Kf6 43. Kf2 Ke6 44. Ke2 Bf6 45. Kd3 d5 46.
Ra6+ Ke7 47. Rc6 c4+ 48. bxc4 dxc4+ 49. Kxc4 h4 50. Kd5 hxg3 51. hxg3 Bb2 52.
g4 Ba3 53. Ra6 Bb4 54. Rc6 Bd2 55. Ke5 Be3 56. Rc7+ Kf8 57. Kf6 Bd4+ 58. Kg5
Kg7 59. Rd7 Be5 60. Kh4 Bc3 61. Kg3 Be1+ 62. Kf4 Bc3 63. Ke4 Kf6 64. f4 Kg7 65.
f5 g5 66. Rc7 Bd2 67. Rc6 Bf4 68. Rc2 Kf6 69. Rf2 Bc1 70. Ra2 Bf4 71. Kd5 Bg3
72. Ra6+ Kg7 73. Kc6 Kf6 74. Kd7+ Kg7 75. Ke8 Bf2 76. Rc6 Bg3 77. Rb6 Bf2 78.
Rb7 Kf6 79. Rxf7+ Ke5 80. Rb7 Kf6 81. Rb2 Bd4 82. Rh2 Ke5 83. Rh5 Kf4 84. Kf7
Kxg4 85. Rxg5+ Kxg5 86. f6 1/2-1/2

[Event "2. Wittelsbacher Weihnachts-Schach-Open"]
[Site "Kelheim"]
[Date "2013.12.28"]
[Round "3.21"]
[White "Seitner, Ralf"]
[Black "Krause, Karl-Heinz"]
[Result "1-0"]
[WhiteElo "1902"]
[BlackElo "1472"]
[PlyCount "91"]
[EventDate "2013.??.??"]
[WhiteTeam "SK Ingolstadt"]
[BlackTeam "SK Landau-Dingolfing"]

1. d4 Nf6 2. c4 c6 3. Nf3 d6 4. Nc3 g6 5. Bg5 Bg7 6. Qd2 Bg4 7. Bh6 O-O 8. Bxg7
Kxg7 9. e3 h6 10. Be2 Qa5 11. h3 Qh5 12. Nh2 Bxe2 13. Nxe2 Nbd7 14. Ng3 Qh4 15.
Nf3 Qxg3 16. fxg3 Ne4 17. Qc2 f5 18. O-O Nxg3 19. Nd2 Nf6 20. Rf3 Nfe4 21. Nxe4
Nxe4 22. Rf4 Ng3 23. Raf1 e6 24. Kh2 Nxf1+ 25. Rxf1 Rf7 26. e4 f4 27. e5 dxe5
28. dxe5 Raf8 29. Rf3 Rf5 30. Qc3 h5 31. Qd4 R8f7 32. h4 b5 33. Qd6 bxc4 34.
Qxe6 c5 35. Qd6 Rb7 36. Qxc5 Rxb2 37. Qxc4 Rb7 38. e6 Re7 39. Rxf4 Rxf4 40.
Qxf4 Rxe6 41. Qd4+ Kf7 42. Qd7+ Re7 43. Qd4 Ke6 44. a4 Kf5 45. a5 g5 46. Qc5+
1-0

[Event "2. Wittelsbacher Weihnachts-Schach-Open"]
[Site "Kelheim"]
[Date "2013.12.28"]
[Round "3.22"]
[White "Fritsch, Julian"]
[Black "Kümpers, Ulrich"]
[Result "0-1"]
[WhiteElo "1554"]
[BlackElo "2011"]
[PlyCount "58"]
[EventDate "2013.??.??"]
[WhiteTeam "SK Kelheim 1920"]
[BlackTeam "SC Tarrasch 45 München"]

1. d4 Nf6 2. c4 d6 3. Nc3 e5 4. dxe5 dxe5 5. Qxd8+ Kxd8 6. Bg5 c6 7. Nf3 Nbd7
8. Rd1 Kc7 9. Bxf6 gxf6 10. e4 Bb4 11. a3 Bxc3+ 12. bxc3 Nc5 13. Nd2 Be6 14.
Be2 Na4 15. Rc1 Rhd8 16. Rc2 Rd7 17. h3 Rad8 18. Bg4 Nxc3 19. Bxe6 fxe6 20.
Rxc3 Rxd2 21. O-O R8d3 22. Rxd3 Rxd3 23. f4 Kd6 24. fxe5+ Kxe5 25. c5 a5 26.
Rb1 Rd7 27. Re1 a4 28. Kf2 Rd3 29. Rb1 Rb3 0-1

[Event "2. Wittelsbacher Weihnachts-Schach-Open"]
[Site "Kelheim"]
[Date "2013.12.28"]
[Round "3.23"]
[White "Mühlich, Cornelius"]
[Black "Nöckler, Alexander"]
[Result "0-1"]
[WhiteElo "1453"]
[BlackElo "1976"]
[PlyCount "86"]
[EventDate "2013.??.??"]
[WhiteTeam "SK Kelheim 1920"]
[BlackTeam "Schachklub Weiden 1907"]

1. c4 e6 2. g3 Nf6 3. Bg2 d5 4. Nc3 c6 5. b3 Be7 6. d3 Nbd7 7. Nf3 O-O 8. O-O
a6 9. Bb2 b5 10. a3 Rb8 11. Qc2 Qb6 12. Rfb1 Bb7 13. Bc1 Ng4 14. Nd1 c5 15. Ne3
Nxe3 16. Bxe3 Bf6 17. Ra2 bxc4 18. bxc4 Qd6 19. Bf4 e5 20. Bg5 dxc4 21. Bxf6
Nxf6 22. Rab2 Bxf3 23. Bxf3 Rxb2 24. Rxb2 cxd3 25. Qxd3 Qe6 26. Qb3 c4 27. Qb6
Qxb6 28. Rxb6 e4 29. Bg2 Rc8 30. g4 c3 31. Rb1 h6 32. h4 Nxg4 33. Bxe4 Kf8 34.
Bb7 Rb8 35. Be4 Rxb1+ 36. Bxb1 Ke7 37. Kg2 Kd6 38. Kf3 Ne5+ 39. Ke4 Nc4 40. Kd3
Nxa3 41. Bc2 Nxc2 42. Kxc2 Ke5 43. Kxc3 Kf4 0-1

[Event "2. Wittelsbacher Weihnachts-Schach-Open"]
[Site "Kelheim"]
[Date "2013.12.28"]
[Round "3.24"]
[White "Goderbauer, Benedikt"]
[Black "Adlhoch, Walter"]
[Result "1/2-1/2"]
[WhiteElo "1760"]
[BlackElo "1258"]
[PlyCount "126"]
[EventDate "2013.??.??"]
[WhiteTeam "SC Moosburg 1956 e.V."]
[BlackTeam "SK Schwandorf"]

1. e4 e5 2. Nf3 d6 3. d4 exd4 4. Nxd4 Nf6 5. Nc3 Be7 6. Bc4 O-O 7. O-O Nxe4 8.
Nxe4 d5 9. Bd3 dxe4 10. Bxe4 Re8 11. Bf3 c5 12. Nb3 Qc7 13. Be3 Nd7 14. c3 Rb8
15. Qc2 Nf6 16. h3 b6 17. Rad1 Bb7 18. Bxb7 Qxb7 19. Rd3 c4 20. Rd2 cxb3 21.
Qxb3 Ne4 22. Rd3 Bc5 23. Re1 Bxe3 24. Rdxe3 Nf6 25. Qb5 Qa8 26. R1e2 Rxe3 27.
Rxe3 Re8 28. Rg3 Re1+ 29. Kh2 Qb8 30. Qg5 Ne8 31. Qd2 Re6 32. Kg1 Nf6 33. Qg5
g6 34. Qc1 Qe8 35. Kf1 Ne4 36. Re3 Nc5 37. Rf3 Na4 38. b3 Nc5 39. Qd1 Qd7 40.
Qc2 Ne4 41. Rd3 Rd6 42. Rxd6 Nxd6 43. Qd3 Qd8 44. Kg1 Nb7 45. Qa6 Qb8 46. c4
Nc5 47. Qb5 a6 48. Qc6 Kf8 49. Qf6 Kg8 50. Qd4 Ne6 51. Qd5 Nf4 52. Qe4 b5 53.
c5 b4 54. Qc6 Ne6 55. Qd5 Qb5 56. Qa8+ Kg7 57. c6 Nc7 58. Qb7 Nd5 59. Qd7 Qc5
60. Qe8 Qc1+ 61. Kh2 Qf4+ 62. Kg1 Qc7 63. Qd7 Qa5 1/2-1/2

[Event "2. Wittelsbacher Weihnachts-Schach-Open"]
[Site "Kelheim"]
[Date "2013.12.28"]
[Round "3.25"]
[White "Rohne, Niklas"]
[Black "Strasser, Josef"]
[Result "1/2-1/2"]
[WhiteElo "1486"]
[BlackElo "1887"]
[PlyCount "61"]
[EventDate "2013.??.??"]
[WhiteTeam "SK Landau-Dingolfing"]
[BlackTeam "Schach-Union München e.V."]

1. f4 d5 2. Nf3 Nf6 3. b3 Bg4 4. e3 Nbd7 5. Bb2 e6 6. h3 Bxf3 7. Qxf3 Ne4 8. g3
Be7 9. h4 Bf6 10. Bxf6 Qxf6 11. d4 e5 12. c3 exd4 13. exd4 O-O 14. Bh3 Qd6 15.
Bxd7 Qxd7 16. Nd2 Rfe8 17. Nxe4 Rxe4+ 18. Kf2 Rae8 19. Rae1 f5 20. Qd3 R8e6 21.
c4 c6 22. c5 Qe7 23. Qd2 Qf6 24. Qb4 Re7 25. Qc3 Kf7 26. Rxe4 Rxe4 27. Rd1 Qe7
28. Qd2 h6 29. Rh1 Qf6 30. Rd1 Qe7 31. Rb1 1/2-1/2

[Event "2. Wittelsbacher Weihnachts-Schach-Open"]
[Site "Kelheim"]
[Date "2013.12.28"]
[Round "3.26"]
[White "Rösch, Maximilian"]
[Black "Meul, Willi"]
[Result "0-1"]
[WhiteElo "1235"]
[BlackElo "1867"]
[PlyCount "50"]
[EventDate "2013.??.??"]
[WhiteTeam "SK Kelheim 1920"]
[BlackTeam "SV 1925 Hürth-Berrenrath"]

1. e4 c5 2. Nf3 d6 3. d4 cxd4 4. Nxd4 Nf6 5. Nc3 a6 6. Bg5 Nbd7 7. Bd3 Qc7 8.
Qe2 e6 9. f4 Be7 10. O-O-O b5 11. a3 Bb7 12. g4 Nc5 13. Rhg1 d5 14. Bxf6 Nxd3+
15. Rxd3 Qxf4+ 16. Kb1 Bxf6 17. Rf1 Qc7 18. Nxe6 fxe6 19. exd5 O-O 20. dxe6
Rad8 21. Rxd8 Bxd8 22. Rd1 Bf3 23. Qd3 Bxd1 24. Qxd1 Re8 25. Qd5 Qe7 0-1

[Event "2. Wittelsbacher Weihnachts-Schach-Open"]
[Site "Kelheim"]
[Date "2013.12.28"]
[Round "3.27"]
[White "Schwab, Leon"]
[Black "Schmitz, Björn"]
[Result "0-1"]
[WhiteElo "967"]
[BlackElo "1742"]
[PlyCount "88"]
[EventDate "2013.??.??"]
[WhiteTeam "SK Kelheim 1920"]
[BlackTeam "SV Saal/Donau e.V.SAbt"]

1. d4 g6 2. e4 Bg7 3. Nf3 d6 4. Bf4 c5 5. Be3 Nc6 6. Nc3 cxd4 7. Nxd4 Nf6 8.
Bc4 O-O 9. O-O Nxe4 10. Nxe4 d5 11. Nxc6 bxc6 12. Bd3 dxe4 13. Bxe4 Ba6 14.
Qxd8 Rfxd8 15. Rfd1 Bxb2 16. Rxd8+ Rxd8 17. Rb1 Bb5 18. Bxa7 Bf6 19. Bc5 e6 20.
f3 Bd4+ 21. Bxd4 Rxd4 22. Kf2 Ra4 23. Rb2 Ra3 24. g4 g5 25. Kg3 Kg7 26. h4 h6
27. h5 Bc4 28. Bxc6 Rxa2 29. Rxa2 Bxa2 30. Bb5 e5 31. c4 Kf6 32. Kf2 Ke6 33.
Ke3 f5 34. c5 f4+ 35. Kd3 Kd5 36. c6 Kd6 37. Ba4 Bd5 38. Ke2 e4 39. fxe4 Bxe4
40. c7 Kxc7 41. Be8 Kd6 42. Kf2 Ke5 43. Bd7 Bd5 44. Bc8 Be6 0-1

[Event "2. Wittelsbacher Weihnachts-Schach-Open"]
[Site "Kelheim"]
[Date "2013.12.28"]
[Round "3.28"]
[White "Winterholler, Christina"]
[Black "Schmitz, Marc"]
[Result "1/2-1/2"]
[WhiteElo "1955"]
[BlackElo "1732"]
[PlyCount "73"]
[EventDate "2013.??.??"]
[WhiteTeam "SK Ingolstadt"]
[BlackTeam "SV Saal/Donau e.V.SAbt"]

1. e4 b6 2. d4 Bb7 3. Nc3 e6 4. a3 Ne7 5. Be3 d5 6. f3 Nd7 7. Qd2 Ng6 8. Rd1
Be7 9. Nh3 O-O 10. Be2 dxe4 11. Nxe4 Nf6 12. Nxf6+ Bxf6 13. O-O Qd7 14. Nf2
Rad8 15. c3 Rfe8 16. Qc2 Qc8 17. Ng4 Bh4 18. Bb5 Rf8 19. Bd3 Ba6 20. c4 c5 21.
dxc5 bxc5 22. g3 Be7 23. h4 f5 24. h5 Qc7 25. hxg6 Qxg3+ 26. Qg2 Qxg2+ 27. Kxg2
fxg4 28. gxh7+ Kh8 29. fxg4 Rxf1 30. Kxf1 Rxd3 31. Rxd3 Bxc4 32. Ke2 Bxd3+ 33.
Kxd3 Kxh7 34. Kd2 Bd6 35. Kd3 Kg6 36. Ke4 a6 37. b3 1/2-1/2

[Event "2. Wittelsbacher Weihnachts-Schach-Open"]
[Site "Kelheim"]
[Date "2013.12.28"]
[Round "3.29"]
[White "Belz, Frank-Martin"]
[Black "Beilschmidt, Eva"]
[Result "1-0"]
[WhiteElo "2002"]
[BlackElo "1891"]
[PlyCount "79"]
[EventDate "2013.??.??"]
[WhiteTeam "SK Freising"]
[BlackTeam "SK Kelheim 1920"]

1. Nf3 c5 2. c4 Nc6 3. g3 g6 4. Bg2 Bg7 5. O-O d6 6. Nc3 e5 7. Rb1 Nge7 8. a3
Rb8 9. b4 O-O 10. Qa4 a6 11. b5 axb5 12. cxb5 Nd4 13. Nxd4 exd4 14. Nd5 Nxd5
15. Bxd5 Bh3 16. Re1 Qg5 17. Qb3 b6 18. d3 Qe7 19. Bf4 Be6 20. a4 Be5 21. Bd2
Ra8 22. Ra1 Ra7 23. Ra2 Rb8 24. Rb1 h5 25. a5 bxa5 26. Rxa5 Rxa5 27. Bxa5 Rxb5
28. Qxb5 Bxd5 29. Qb8+ Kh7 30. Qd8 Qe6 31. Rb8 Bf6 32. Qg8+ Kh6 33. Bd2+ g5 34.
h4 Bg7 35. Rb6 Kg6 36. Qd8 f6 37. Rxd6 Qxe2 38. Rxd5 Qxd2 39. Qe8+ Kh6 40.
hxg5+ 1-0

[Event "2. Wittelsbacher Weihnachts-Schach-Open"]
[Site "Kelheim"]
[Date "2013.12.28"]
[Round "3.30"]
[White "Wieczorek, Heinz"]
[Black "Wltschek, Christian"]
[Result "1/2-1/2"]
[WhiteElo "1815"]
[BlackElo "1962"]
[PlyCount "69"]
[EventDate "2013.??.??"]
[WhiteTeam "SW Nürnberg Süd e.V."]
[BlackTeam "TSV Wacker Neutraubling"]

1. e4 c5 2. Nf3 e6 3. d4 cxd4 4. Nxd4 a6 5. a3 Nf6 6. Nc3 Qc7 7. Be2 Be7 8. Nb3
b5 9. O-O Bb7 10. Bf3 Nc6 11. g3 O-O 12. Bf4 d6 13. Re1 Rfd8 14. Qe2 Ne5 15.
Bg2 Nc4 16. Rab1 Rac8 17. Nd1 h6 18. Bc1 d5 19. e5 Ne4 20. f3 Nc5 21. Nd4 Nd7
22. f4 Bc5 23. c3 Qb6 24. Qd3 a5 25. Ne3 Ba6 26. b4 axb4 27. axb4 Be7 28. Bxd5
Nxe3 29. Bxe3 exd5 30. e6 Nf6 31. exf7+ Kxf7 32. Nf5 d4 33. Nxe7 dxe3 34. Nxc8
Bxc8 35. Qxe3 1/2-1/2

[Event "2. Wittelsbacher Weihnachts-Schach-Open"]
[Site "Kelheim"]
[Date "2013.12.28"]
[Round "3.31"]
[White "Mosler, Ernst"]
[Black "Meulner, Fabian"]
[Result "0-1"]
[WhiteElo "1336"]
[BlackElo "1901"]
[PlyCount "58"]
[EventDate "2013.??.??"]
[WhiteTeam "SV Wettstetten e.V."]
[BlackTeam "SW Nürnberg Süd e.V."]

1. e4 g6 2. d4 Bg7 3. Nf3 d6 4. Be3 c6 5. Nc3 b5 6. a3 a6 7. Be2 Nd7 8. b4 Ngf6
9. O-O O-O 10. h3 e5 11. d5 cxd5 12. exd5 Bb7 13. Nh2 Nb6 14. Bxb6 Qxb6 15. Rb1
Rac8 16. Qd3 Qd4 17. Rb3 Rc7 18. Nf3 Qxd3 19. Bxd3 Rfc8 20. Ne4 Nxe4 21. Bxe4
f5 22. Bxf5 gxf5 23. Ng5 Bxd5 24. Rd3 Bc4 25. Rxd6 Bxf1 26. Kxf1 Rxc2 27. Rxa6
Rb2 28. g3 e4 29. Re6 h6 0-1